| 000 | 00850 a2200253 4500 | ||
|---|---|---|---|
| 999 |
_c24671 _d11178 |
||
| 001 | 24671 | ||
| 003 | TR-AnTOB | ||
| 005 | 20250227151507.0 | ||
| 008 | 051019s2004 tu 10010 tur | ||
| 040 |
_aTR-AnTOB _beng _cTR-AnTOB |
||
| 041 | _atur | ||
| 050 | 0 |
_aDS63.18 _b.O78 2004 |
|
| 090 | _aDS63.18 .O78 2004 | ||
| 245 | 0 |
_aOrtadoğu'daki son gelişmeler ve Türkiye : _bpanel, 22 Aralık 2004 |
|
| 264 | 1 |
_aAnkara : _bBaşkent ÜniversitesiStratejik Araştırmalar Merkezi, _c2004 |
|
| 300 | _a60 s. | ||
| 651 | 7 |
_aOrta Doğu _xDış ilişkiler _zTürkiye _2etuturkob _982505 |
|
| 651 | 7 |
_aTürkiye _xDış ilişkiler _zOrta Doğu _2etuturkob _982506 |
|
| 651 | 7 |
_aOrta Doğu _xSiyaset ve yönetim _y1979- _2etuturkob _920994 |
|
| 710 | 2 |
_aBaşkent Üniversitesi. _bStratejik Araştırmalar Merkezi _927366 |
|
| 902 | _a0012961 | ||
| 942 |
_cBK _2lcc |
||